000 00342 a2200157 4500
001 62458
020 _a8572442162
040 _cAnchieta - Pituba
100 _aCosta, Paulo Segundo da
240 1 0 _aCampo Santo
_lpor
245 1 0 _aCampo Santo
300 _a173
362 0 _a2003
650 4 _aCerimônias / Ritos / Liturgia
942 _cBK
999 _c62458
_d62458